000 00255nam a2200109Ia 4500
008 190216s9999||||xx |||||||||||||| ||und||
100 _aDr.Lakshmi Sagar
245 0 _aHindi-Sarvathma Darshan
260 _bSaraswathi Press
650 _aHindi
942 _cBK
999 _c15264
_d15264